|
|
|
|
| LEADER |
01458nam a2200349 a 4500 |
| 001 |
000088174 |
| 003 |
CZ BrMZK |
| 005 |
20070919164711.0 |
| 007 |
ta |
| 008 |
960815s1996 xr e p cze d |
| 015 |
|
|
|a cnb000149178
|
| 020 |
|
|
|a 80-7194-053-4
|
| 035 |
|
|
|a (OCoLC)37959121
|
| 040 |
|
|
|a BOA001
|b cze
|
| 072 |
|
7 |
|a 34
|x Právo
|2 Konspekt
|9 16
|
| 072 |
|
7 |
|a 37.016
|x Učební osnovy. Vyučovací předměty. Učebnice
|2 Konspekt
|9 22
|
| 080 |
|
|
|a 34
|2 MRF
|
| 080 |
|
|
|a (075.8)
|2 MRF
|
| 100 |
1 |
|
|a Zoubek, Vladimír,
|d 1952-
|7 jn19981002446
|4 aut
|
| 245 |
1 |
0 |
|a Základy práva /
|c Vladimír Zoubek, Jan Pinz, Vladimír Mikule : část A: teorie práva a právního státu, část B: nástin novodobého ústavního vývoje na území České republiky, část C: základní práva a svobody, část D: základy správního práva
|
| 250 |
|
|
|a Vyd. 1.
|
| 260 |
|
|
|a Pardubice :
|b Univerzita Pardubice,
|c 1996
|
| 300 |
|
|
|a 317 s. ;
|c 24 cm
|
| 500 |
|
|
|a Určeno pro posl. fak. ekonom.-správní. - Bibliogr.
|
| 650 |
0 |
7 |
|a právo
|7 ph115914
|2 czenas
|
| 655 |
|
7 |
|a učebnice vysokých škol
|7 fd133772
|2 czenas
|
| 700 |
1 |
|
|a Mikule, Vladimír,
|d 1937-2013
|7 jo20010081868
|4 aut
|
| 700 |
1 |
|
|a Pinz, Jan
|7 xx0058450
|4 aut
|
| 710 |
2 |
|
|a Univerzita Pardubice.
|b Ekonomicko-správní fakulta
|7 kn20010709381
|
| 910 |
|
|
|a BOA001
|b 2-1023.442
|
| 990 |
|
|
|a BK
|
| 996 |
6 |
|
|b 2610040046
|c 2-1023.442
|l MZK
|r Sklad / do 1 hodiny
|n 34
|p p.v.
|w 000088174
|u 000010
|a 1
|e BOA001
|j MZK50
|s P
|